000 00488pab a2200169 454500
008 180718b1997 xxu||||| |||| 00| 0 eng d
100 _aMohanty, Basudev
245 _aSlum in securities market: problems and strategies for its sustainable growth
260 _c1997
300 _ap.2733-746
362 _a18 Oct
650 _aCapital market - India
650 _aFinancial markets - India
650 _aFinancial markets
773 _aEconomic and Political Weekly
909 _a36116
999 _c36116
_d36116